[Event "Thessaloniki/Chalkidiki-chT"]
[Site "Thessaloniki/Chalkidiki"]
[Date "2019.01.27"]
[Round "3.3"]
[White "Vlassis, Georgios"]
[Black "Gavriilidis, Georgios"]
[Result "0-1"]
[WhiteElo "2044"]
[BlackElo "2141"]
[PlyCount "44"]
[EventDate "2019.01.13"]
[EventType "team-tourn"]
[EventRounds "9"]
[EventCountry "GRE"]
[SourceTitle "EXT 2020"]
[Source "ChessBase"]
[SourceDate "2019.10.17"]
[SourceVersion "1"]
[SourceVersionDate "2019.10.17"]
[SourceQuality "1"]
[WhiteTeam "Thessaloniki SO Sach"]
[BlackTeam "Thessaloniki Aris"]
[WhiteTeamCountry "GRE"]
[BlackTeamCountry "GRE"]

1. Nf3 c5 2. b3 Nc6 3. c4 e5 4. d3 e4 5. dxe4 Qf6 6. e5 Nxe5 7. Nxe5 Qxe5 8. Qc2 Qxa1 9. Nc3 d5 10. cxd5 c4 11. Kd2 Bb4 12. Bb2 Qxa2 13. Kc1 Qxb3 14. Qe4+ Kf8 15. Qd4 Ba3 16. Bxa3+ Qxa3+ 17. Kd2 Bd7 18. e4 b6 19. Be2 Rc8 20. e5 Qb2+ 21. Ke3 Ne7 22. g4 Qxc3+ 0-1

[Event "White Tower rapid op"]
[Site "Thessaloniki"]
[Date "2017.12.30"]
[Round "6"]
[White "Drakaki, Anna Maria"]
[Black "Gavriilidis, Georgios"]
[Result "0-1"]
[WhiteElo "1959"]
[BlackElo "2106"]
[PlyCount "60"]
[EventDate "2017.12.28"]
[EventType "swiss (rapid)"]
[EventRounds "9"]
[EventCountry "GRE"]
[SourceTitle "CBM 182 Extra"]
[Source "ChessBase"]
[SourceDate "2018.02.23"]
[SourceVersion "1"]
[SourceVersionDate "2018.02.23"]
[SourceQuality "1"]

1. e4 c5 2. Nf3 g6 3. Bc4 Bg7 4. c3 e6 5. d4 cxd4 6. cxd4 d5 7. Bb5+ Bd7 8. Bxd7+ Qxd7 9. e5 Ne7 10. 0-0 Nbc6 11. Nc3 h5 12. Bg5 Nf5 13. Qd3 Rc8 14. a3 Na5 15. Nh4 Nxh4 16. Bxh4 0-0 17. Nb5 Nc4 18. Nxa7 Ra8 19. b3 Nxe5 20. dxe5 Rxa7 21. Qd4 Rfa8 22. a4 b5 23. axb5 Rxa1 24. Rxa1 Rxa1+ 25. Qxa1 Qxb5 26. Qb2 Qb4 27. f4 Qxf4 28. Bg3 Qe3+ 29. Bf2 Qxe5 30. Qc2 Qa1+ 0-1

[Event "White Tower rapid op"]
[Site "Thessaloniki"]
[Date "2017.12.30"]
[Round "7"]
[White "Gavriilidis, Georgios"]
[Black "Giannoulakis, Labros"]
[Result "1/2-1/2"]
[WhiteElo "2106"]
[BlackElo "2140"]
[PlyCount "132"]
[EventDate "2017.12.28"]
[EventType "swiss (rapid)"]
[EventRounds "9"]
[EventCountry "GRE"]
[SourceTitle "CBM 182 Extra"]
[Source "ChessBase"]
[SourceDate "2018.02.23"]
[SourceVersion "1"]
[SourceVersionDate "2018.02.23"]
[SourceQuality "1"]

1. d4 Nf6 2. c4 g6 3. Nc3 Bg7 4. e4 d6 5. f4 0-0 6. Nf3 Na6 7. e5 Nd7 8. Be2 c5 9. exd6 exd6 10. 0-0 Nf6 11. Kh1 Bf5 12. Be3 Re8 13. Bg1 Ne4 14. Nxe4 Bxe4 15. Qd2 Qf6 16. Rad1 Rad8 17. b3 b6 18. g4 Nc7 19. Kg2 d5 20. dxc5 dxc4 21. Qc1 Nd5 22. Kg3 Nc3 23. Rde1 cxb3 24. axb3 Bb7 25. Bc4 b5 26. Bd4 Qc6 27. Rxe8+ Rxe8 28. Bxf7+ Kxf7 29. Qxc3 Bxd4 30. Qxd4 Kg8 31. Rf2 a5 32. h4 Qe6 33. Ne5 Qxb3+ 34. Kh2 Qd5 35. Qxd5+ Bxd5 36. Rd2 Be6 37. Rd6 b4 38. c6 b3 39. c7 Bc8 40. Rb6 a4 41. Kg3 Kf8 42. Rb4 Re7 43. Rxa4 Rxc7 44. Rb4 Rc3+ 45. Kf2 Be6 46. Rb6 Bd5 47. Ke2 Rh3 48. Rb5 Be6 49. h5 gxh5 50. f5 Bf7 51. Rb8+ Kg7 52. Rb7 hxg4 53. Nxf7 Kf6 54. Nd6 b2 55. Ne4+ Kxf5 56. Nf2 Rh2 57. Rb5+ Kf4 58. Rb4+ Kf5 59. Rb5+ Kg6 60. Ke3 g3 61. Rb6+ Kg7 62. Rxb2 g2 63. Rb1 h5 64. Kf3 Rh4 65. Kxg2 Rf4 66. Rb6 Rf6 1/2-1/2

[Event "GRE-chT 44th"]
[Site "Achaia"]
[Date "2016.07.07"]
[Round "4.13"]
[White "Prezerakos, Dimitrios"]
[Black "Gavriilidis, Georgios"]
[Result "0-1"]
[WhiteElo "2017"]
[BlackElo "2125"]
[PlyCount "112"]
[EventDate "2016.07.05"]
[EventType "team-swiss"]
[EventRounds "7"]
[EventCountry "GRE"]
[SourceTitle "CBM 173 Extra"]
[Source "ChessBase"]
[SourceDate "2016.08.29"]
[SourceVersion "1"]
[SourceVersionDate "2016.08.29"]
[SourceQuality "1"]
[WhiteTeam "Naples Sykeon"]
[BlackTeam "Chania Kaissa"]
[WhiteTeamCountry "GRE"]
[BlackTeamCountry "GRE"]

1. e4 c5 2. c3 d5 3. exd5 Qxd5 4. d4 Nc6 5. Nf3 e5 6. Nxe5 Nxe5 7. dxe5 Qxe5+ 8. Be3 Bd7 9. Be2 0-0-0 10. Nd2 Nf6 11. Nf3 Qc7 12. Qb3 Bc6 13. Bc4 Nd5 14. 0-0-0 Nxe3 15. fxe3 f6 16. Be6+ Kb8 17. Bd5 Bd6 18. e4 Rhe8 19. Qc2 g6 20. c4 Re7 21. g3 Rde8 22. Rhe1 g5 23. Qf2 h6 24. Nd2 Ba4 25. b3 Bd7 26. Nf3 Bg4 27. Rf1 f5 28. exf5 Re2 29. Rde1 Bf4+ 30. gxf4 Qxf4+ 31. Kd1 Bxf3 32. Rxe2 Rxe2 33. Qg3 Rg2+ 34. Rxf3 Rxg3 35. hxg3 Qd4+ 36. Ke2 g4 37. Rf4 Qe5+ 38. Kf2 Qf6 39. Be6 h5 40. Kg2 Kc7 41. Bd5 b6 42. Rf2 Kd6 43. Rf4 b5 44. Rf2 b4 45. Rf1 Ke7 46. Re1+ Kf8 47. Rf1 Kg7 48. Rf2 Kh6 49. Rf1 Kg5 50. Rf2 a5 51. Rf1 h4 52. gxh4+ Kxh4 53. Rh1+ Kg5 54. Rf1 Qh8 55. f6 Qh3+ 56. Kg1 g3 0-1

[Event "Kavala op 23rd"]
[Site "Kavala"]
[Date "2014.08.03"]
[Round "3"]
[White "Gavriilidis, Georgios"]
[Black "Cabarkapa, Novak"]
[Result "0-1"]
[WhiteElo "2126"]
[BlackElo "2372"]
[PlyCount "68"]
[EventDate "2014.08.02"]
[EventType "swiss"]
[EventRounds "9"]
[EventCountry "GRE"]
[SourceTitle "CBM 161 Extra"]
[Source "ChessBase"]
[SourceDate "2014.08.29"]
[SourceVersion "1"]
[SourceVersionDate "2014.08.29"]
[SourceQuality "1"]

1. d4 Nf6 2. c4 g6 3. Nc3 Bg7 4. e4 d6 5. f4 0-0 6. Nf3 Na6 7. Bd3 e5 8. fxe5 dxe5 9. d5 Ne8 10. 0-0 c5 11. Bg5 f6 12. Bh4 Nd6 13. h3 Qe7 14. a3 Bd7 15. Qe2 Bh6 16. Nh2 Bf4 17. Ng4 Qg7 18. Bf2 f5 19. Nh2 Bxh2+ 20. Kxh2 f4 21. g4 Qh6 22. h4 f3 23. Qe3 Rf4 24. Bg3 g5 25. Rxf3 Bxg4 26. Rf2 Raf8 27. Raf1 Qh5 28. Be2 Bxe2 29. Nxe2 Nxc4 30. Nxf4 exf4 31. Qc3 Nd6 32. Bxf4 Nxe4 33. Qh3 Nxf2 34. Qe6+ Qf7 0-1

[Event "Thessaloniki Triandria 7th A"]
[Site "Thessaloniki"]
[Date "2014.04.27"]
[Round "7"]
[White "Gavriilidis, Georgios"]
[Black "Kesidis, Odyseas"]
[Result "1/2-1/2"]
[WhiteElo "2121"]
[BlackElo "2159"]
[PlyCount "113"]
[EventDate "2014.04.22"]
[EventType "swiss"]
[EventRounds "7"]
[EventCountry "GRE"]
[SourceTitle "EXT 2024"]
[Source "ChessBase"]
[SourceDate "2023.10.10"]
[SourceVersion "1"]
[SourceVersionDate "2023.10.10"]
[SourceQuality "1"]

1. d4 Nf6 2. c4 e6 3. g3 Bb4+ 4. Bd2 Qe7 5. Bg2 Nc6 6. Nf3 Bxd2+ 7. Nbxd2 0-0 8. 0-0 d6 9. h3 a5 10. Re1 e5 11. Nf1 Bf5 12. Ne3 Be4 13. dxe5 dxe5 14. Nh4 Bxg2 15. Kxg2 e4 16. Qc1 Qe6 17. Qc3 Rfd8 18. Nhf5 Rd7 19. Red1 Rad8 20. Rxd7 Rxd7 21. g4 Qe5 22. Qxe5 Nxe5 23. b3 Rd2 24. Rd1 Rxd1 25. Nxd1 Ned7 26. Ng3 Nc5 27. g5 Ne8 28. Nc3 Nd6 29. Nh5 Nf5 30. Ng3 Nd6 31. Nf1 c6 32. Kg3 f5 33. gxf6 gxf6 34. Nd2 Kf7 35. a3 f5 36. b4 axb4 37. axb4 Ne6 38. c5 Nb5 39. Nxb5 cxb5 40. Nb3 Kf6 41. Na5 Nd4 42. e3 Nc2 43. Nxb7 Nxb4 44. Nd6 Na6 45. Nxb5 Nxc5 46. Nd4 Ke5 47. Nc6+ Kf6 48. Nd4 Nd3 49. f3 Ke5 50. Nc6+ Kd6 51. Na5 Ke6 52. Nc6 Kd5 53. Ne7+ Ke6 54. Nc6 Kd6 55. Nd4 Ke5 56. Nc6+ Kd5 57. Ne7+ 1/2-1/2

[Event "Thessaloniki Triandria 7th A"]
[Site "Thessaloniki"]
[Date "2014.04.25"]
[Round "4"]
[White "Galopoulos, Nikolaos"]
[Black "Gavriilidis, Georgios"]
[Result "1/2-1/2"]
[WhiteElo "2358"]
[BlackElo "2121"]
[PlyCount "45"]
[EventDate "2014.04.22"]
[EventType "swiss"]
[EventRounds "7"]
[EventCountry "GRE"]
[SourceTitle "EXT 2024"]
[Source "ChessBase"]
[SourceDate "2023.10.10"]
[SourceVersion "1"]
[SourceVersionDate "2023.10.10"]
[SourceQuality "1"]

1. e4 c5 2. Nf3 d6 3. d4 cxd4 4. Nxd4 Nf6 5. Nc3 g6 6. Be3 Bg7 7. f3 Nc6 8. Bc4 0-0 9. Qd2 Bd7 10. 0-0-0 Ne5 11. Bb3 Qa5 12. h4 Rfc8 13. h5 Nxh5 14. Bh6 Bxh6 15. Qxh6 Rxc3 16. bxc3 Rc8 17. g4 Nf6 18. g5 Qxc3 19. gxf6 Qa1+ 20. Kd2 Qxd4+ 21. Kc1 Qa1+ 22. Kd2 Qc3+ 23. Kc1 1/2-1/2

[Event "Blagoevgrad op"]
[Site "Blagoevgrad"]
[Date "2013.10.04"]
[Round "9"]
[White "Veleski, Robert"]
[Black "Gavriilidis, Georgios"]
[Result "1-0"]
[WhiteElo "2264"]
[BlackElo "2126"]
[PlyCount "51"]
[EventDate "2013.09.28"]
[EventType "swiss"]
[EventRounds "9"]
[EventCountry "BUL"]
[SourceTitle "CBM 156 Extra"]
[Source "ChessBase"]
[SourceDate "2013.10.22"]
[SourceVersion "1"]
[SourceVersionDate "2013.10.22"]
[SourceQuality "1"]

1. e4 c5 2. Nf3 Nc6 3. Bb5 Na5 4. c3 a6 5. Ba4 b5 6. Bc2 d5 7. 0-0 Bb7 8. exd5 Qxd5 9. d4 c4 10. Re1 Nf6 11. Bg5 e6 12. Bxf6 gxf6 13. Be4 Qd7 14. Nbd2 Be7 15. Bxb7 Qxb7 16. Qc2 f5 17. b4 cxb3 18. axb3 Qb6 19. d5 Nb7 20. Nd4 Nd8 21. N2f3 0-0 22. Nxf5 Bf6 23. Nh6+ Kg7 24. Ng4 exd5 25. Qd2 Kg8 26. Qh6 1-0

[Event "Blagoevgrad op"]
[Site "Blagoevgrad"]
[Date "2013.09.28"]
[Round "1"]
[White "Palikarski, Georgi"]
[Black "Gavriilidis, Georgios"]
[Result "0-1"]
[WhiteElo "2068"]
[BlackElo "2126"]
[PlyCount "86"]
[EventDate "2013.09.28"]
[EventType "swiss"]
[EventRounds "9"]
[EventCountry "BUL"]
[SourceTitle "CBM 156 Extra"]
[Source "ChessBase"]
[SourceDate "2013.10.22"]
[SourceVersion "1"]
[SourceVersionDate "2013.10.22"]
[SourceQuality "1"]

1. Nf3 Nf6 2. c4 g6 3. b3 Bg7 4. Bb2 0-0 5. g3 d6 6. Bg2 Nc6 7. 0-0 e5 8. d4 Qe8 9. e3 Bf5 10. Nh4 Bg4 11. Bf3 Bxf3 12. Nxf3 e4 13. Ne1 Qc8 14. Kg2 h5 15. Nd2 Rd8 16. Nc2 h4 17. Qe2 Ne7 18. d5 Nf5 19. Nd4 Nh7 20. Nxf5 Bxb2 21. Rab1 Bc3 22. Nd4 Ng5 23. Rbd1 Qh3+ 24. Kg1 c5 25. dxc6 bxc6 26. f4 exf3 27. N4xf3 Nxf3+ 28. Qxf3 Qe6 29. Rf2 hxg3 30. hxg3 Rac8 31. Nf1 Rc7 32. e4 Bb4 33. Re2 f5 34. Nd2 Rg7 35. Kf1 fxe4 36. Rxe4 Qh3+ 37. Ke2 Rf8 38. Rf4 Rxf4 39. gxf4 Qe6+ 40. Ne4 Re7 41. Kd3 d5 42. Nd2 Qf5+ 43. Kd4 Qf6+ 0-1

[Event "Golden Sands Europe op 1st"]
[Site "Golden Sands"]
[Date "2012.06.09"]
[Round "6"]
[White "Gavriilidis, Georgios"]
[Black "Shirazi, Kamran"]
[Result "0-1"]
[WhiteElo "2135"]
[BlackElo "2372"]
[PlyCount "64"]
[EventDate "2012.06.04"]
[EventType "swiss"]
[EventRounds "9"]
[EventCountry "BUL"]
[SourceTitle "CBM 148 Extra"]
[Source "ChessBase"]
[SourceDate "2012.06.22"]
[SourceVersion "1"]
[SourceVersionDate "2012.06.22"]
[SourceQuality "1"]

1. d4 Nf6 2. c4 a6 3. g3 b5 4. Bg2 Nc6 5. b3 bxc4 6. bxc4 Rb8 7. Nf3 g6 8. 0-0 Bg7 9. Nbd2 0-0 10. Ba3 d6 11. Rb1 Rb6 12. Rxb6 cxb6 13. Qb3 Bd7 14. Rb1 b5 15. c5 Be6 16. Qb2 Nd5 17. e4 b4 18. exd5 bxa3 19. Qb3 Na5 20. Qxa3 Bxd5 21. Rb6 Nc4 22. Nxc4 Bxc4 23. Qb4 dxc5 24. Qxc5 Be2 25. d5 Qc8 26. Qe3 Qc2 27. h4 Qxa2 28. Kh2 Bc4 29. d6 exd6 30. Rxd6 a5 31. h5 Qb3 32. Qd2 Qb1 0-1

[Event "Golden Sands Europe op 1st"]
[Site "Golden Sands"]
[Date "2012.06.07"]
[Round "4"]
[White "Gavriilidis, Georgios"]
[Black "Akshat, Khamparia"]
[Result "1/2-1/2"]
[WhiteElo "2135"]
[BlackElo "2400"]
[PlyCount "46"]
[EventDate "2012.06.04"]
[EventType "swiss"]
[EventRounds "9"]
[EventCountry "BUL"]
[SourceTitle "CBM 148 Extra"]
[Source "ChessBase"]
[SourceDate "2012.06.22"]
[SourceVersion "1"]
[SourceVersionDate "2012.06.22"]
[SourceQuality "1"]

1. d4 Nf6 2. c4 Nc6 3. Nf3 e6 4. g3 Bb4+ 5. Bd2 Qe7 6. Bg2 0-0 7. 0-0 a5 8. Bc1 b6 9. Ne5 Bb7 10. Nxc6 dxc6 11. Qc2 e5 12. dxe5 Qxe5 13. Bf4 Qe7 14. Nc3 Rae8 15. Bf3 Bd6 16. Bxd6 Qxd6 17. Rfd1 Qe6 18. b3 Ba6 19. Rd4 b5 20. cxb5 cxb5 21. Rad1 Qb6 22. g4 Bb7 23. g5 Bxf3 1/2-1/2

[Event "Golden Sands Europe op 1st"]
[Site "Golden Sands"]
[Date "2012.06.06"]
[Round "3"]
[White "Rzayev, Bahruz Iqbal Oglu"]
[Black "Gavriilidis, Georgios"]
[Result "0-1"]
[WhiteElo "2380"]
[BlackElo "2135"]
[PlyCount "82"]
[EventDate "2012.06.04"]
[EventType "swiss"]
[EventRounds "9"]
[EventCountry "BUL"]
[SourceTitle "CBM 148 Extra"]
[Source "ChessBase"]
[SourceDate "2012.06.22"]
[SourceVersion "1"]
[SourceVersionDate "2012.06.22"]
[SourceQuality "1"]

1. e4 c6 2. d4 d5 3. f3 Qb6 4. c3 e5 5. exd5 cxd5 6. Qe2 Nc6 7. Be3 Bf5 8. f4 Bxb1 9. Rxb1 e4 10. Nh3 Nf6 11. Nf2 h5 12. g3 Bd6 13. Bh3 Ne7 14. 0-0 g6 15. b3 Nf5 16. Bxf5 gxf5 17. c4 Qa6 18. Rb2 h4 19. Re1 hxg3 20. hxg3 Nh5 21. Nh1 Bb4 22. Bd2 Bxd2 23. Rxd2 Qg6 24. Qe3 0-0-0 25. Rg2 Rh7 26. Rc1 Kb8 27. Nf2 Nf6 28. Rc3 Rdh8 29. Qe2 Qh6 30. cxd5 Nxd5 31. Rc5 Qd6 32. Kf1 e3 33. Qf3 Qa6+ 34. Rc4 Nb6 35. Qxe3 Nxc4 36. bxc4 Qxc4+ 37. Nd3 Rh1+ 38. Kf2 Qxa2+ 39. Kf3 Qd5+ 40. Kf2 f6 41. Nc5 Ra1 0-1

[Event "Thessaloniki Triandrias 4th"]
[Site "Thessaloniki"]
[Date "2011.04.29"]
[Round "4"]
[White "Gavriilidis, Georgios"]
[Black "Karagiannis, Thomas Aristotelis"]
[Result "1-0"]
[WhiteElo "2161"]
[BlackElo "1713"]
[PlyCount "63"]
[EventDate "2011.04.26"]
[EventType "swiss"]
[EventRounds "7"]
[EventCountry "GRE"]
[SourceTitle "EXT 2024"]
[Source "ChessBase"]
[SourceDate "2023.10.10"]
[SourceVersion "1"]
[SourceVersionDate "2023.10.10"]
[SourceQuality "1"]

1. d4 d5 2. Nf3 Nf6 3. c4 c6 4. Nc3 a6 5. cxd5 cxd5 6. Qb3 Nc6 7. Bg5 e6 8. e3 Be7 9. Be2 0-0 10. 0-0 Na5 11. Qc2 Bd7 12. Rfc1 Rc8 13. Ne5 h6 14. Bh4 Ne4 15. Bxe7 Qxe7 16. Bd3 Nxc3 17. bxc3 Rc7 18. Qe2 Rfc8 19. e4 Bc6 20. Nxc6 Nxc6 21. exd5 Nxd4 22. Qe4 Nf5 23. g4 Rc4 24. Bxc4 Nd6 25. Qe2 Rxc4 26. dxe6 fxe6 27. f3 Qf6 28. Re1 Kh8 29. Rad1 Rxc3 30. Rxd6 Rxf3 31. Qxe6 Qh4 32. Qe8+ 1-0

[Event "GRE-chT Div-A 38th"]
[Site "Peristeri"]
[Date "2010.07.07"]
[Round "3"]
[White "Gavriilidis, Georgios"]
[Black "Homatidis, Panagiotis"]
[Result "1-0"]
[WhiteElo "2126"]
[BlackElo "2122"]
[PlyCount "59"]
[EventDate "2010.07.05"]
[EventType "team-swiss"]
[EventRounds "7"]
[EventCountry "GRE"]
[SourceTitle "CBM 137 Extra"]
[Source "ChessBase"]
[SourceDate "2010.09.01"]
[SourceVersion "1"]
[SourceVersionDate "2010.09.01"]
[SourceQuality "1"]

1. d4 Nf6 2. c4 e6 3. g3 Bb4+ 4. Bd2 Qe7 5. Bg2 d5 6. Nf3 0-0 7. 0-0 c6 8. Qc2 Ne4 9. Bf4 Bd6 10. Bxd6 Nxd6 11. Nbd2 f5 12. Ne5 Nd7 13. c5 Nb5 14. Nxd7 Bxd7 15. Nf3 Nc7 16. Ne5 a5 17. Qd2 Rfb8 18. Rac1 a4 19. Qf4 g5 20. Qe3 Be8 21. h3 h5 22. Nf3 g4 23. hxg4 hxg4 24. Ne5 Kg7 25. f3 gxf3 26. Rxf3 Bh5 27. g4 fxg4 28. Nxg4 Bxg4 29. Rg3 Kh7 30. Rxg4 1-0

[Event "Blagoevgrad Kirov Memorial 2nd"]
[Site "Blagoevgrad"]
[Date "2010.01.12"]
[Round "3"]
[White "Veleski, Robert"]
[Black "Gavriilidis, Georgios"]
[Result "1/2-1/2"]
[WhiteElo "2289"]
[BlackElo "2100"]
[PlyCount "98"]
[EventDate "2010.01.11"]
[EventType "swiss"]
[EventRounds "9"]
[EventCountry "BUL"]
[SourceTitle "CBM 134 Extra"]
[Source "ChessBase"]
[SourceDate "2010.03.03"]
[SourceVersion "1"]
[SourceVersionDate "2010.03.03"]
[SourceQuality "1"]

1. d4 g6 2. Nf3 Nf6 3. Bf4 Bg7 4. e3 0-0 5. c4 c5 6. Nc3 d6 7. Be2 Qb6 8. Qb3 Qxb3 9. axb3 Nc6 10. dxc5 dxc5 11. Na4 Nd7 12. Bc7 a6 13. 0-0 Ra7 14. Nb6 Bxb2 15. Ra2 Bc3 16. Rd1 Nxb6 17. Bxb6 Ra8 18. Bxc5 Bb4 19. Bb6 e5 20. Ne1 Re8 21. Nd3 Be7 22. Bf3 Nb4 23. Rad2 Nxd3 24. Rxd3 Bf5 25. e4 Be6 26. c5 a5 27. h3 Rec8 28. Rc3 Ra6 29. Rdc1 Bg5 30. R1c2 Bd2 31. Rxd2 Rxb6 32. cxb6 Rxc3 33. Rd8+ Kg7 34. Rb8 Rxb3 35. Rxb7 a4 36. Bg4 Bc4 37. Ra7 a3 38. Kh2 h5 39. Bc8 Rxb6 40. Rxa3 h4 41. Rc3 Ba2 42. g3 Rb2 43. Kg2 hxg3 44. Kxg3 Rb4 45. f3 Rb1 46. Rc2 Bb3 47. Rc5 Kf6 48. Rb5 Bc2 49. Rxb1 Bxb1 1/2-1/2

[Event "Blagoevgrad Kirov Memorial 2nd"]
[Site "Blagoevgrad"]
[Date "2010.01.11"]
[Round "1"]
[White "Vasilev, Milen"]
[Black "Gavriilidis, Georgios"]
[Result "1-0"]
[WhiteElo "2466"]
[BlackElo "2100"]
[PlyCount "51"]
[EventDate "2010.01.11"]
[EventType "swiss"]
[EventRounds "9"]
[EventCountry "BUL"]
[SourceTitle "CBM 134 Extra"]
[Source "ChessBase"]
[SourceDate "2010.03.03"]
[SourceVersion "1"]
[SourceVersionDate "2010.03.03"]
[SourceQuality "1"]

1. d4 Nf6 2. Bg5 b6 3. Nc3 Bb7 4. d5 e5 5. e4 Bb4 6. Bd3 c6 7. dxc6 dxc6 8. Nf3 Nbd7 9. 0-0 Bxc3 10. bxc3 Qe7 11. a4 0-0 12. Nh4 Qe6 13. Nf5 h6 14. Be3 c5 15. f3 Rad8 16. Qe2 Nh5 17. Bc4 Qf6 18. g3 Kh7 19. Qg2 Rfe8 20. a5 Nb8 21. axb6 axb6 22. Ra7 Rd7 23. Qh3 Qg6 24. Nh4 Qc6 25. Bd5 Rxd5 26. Qf5+ 1-0